|
|
|
|
| LEADER |
00000nam0a2200000 4500 |
| 001 |
230405 |
| 005 |
20231101231013.0 |
| 035 |
|
|
|a (RuTPU)RU\TPU\book\251232
|
| 035 |
|
|
|a RU\TPU\book\251229
|
| 090 |
|
|
|a 230405
|
| 100 |
|
|
|a 20130121d1946 m y0rusy50 ca
|
| 101 |
0 |
|
|a rus
|
| 102 |
|
|
|a RU
|
| 105 |
|
|
|a a z 001zy
|
| 200 |
1 |
|
|a О генезисе наиболее распространенных ископаемых льдов Севера
|f С. П. Качурин
|g Академия наук СССР (АН СССР), Институт мерзлотоведения
|
| 210 |
|
|
|a Москва
|a Ленинград
|c Изд-во АН СССР
|d 1946
|
| 215 |
|
|
|a 38 с.
|c ил.
|
| 317 |
|
|
|5 63413507: КР-262
|a Поступила в НТБ в 2004 г. в составе книжного собрания профессора ТПИ К. В. Радугина.
|
| 320 |
|
|
|a Библиогр.: с. 37-38.
|
| 606 |
1 |
|
|a Лед грунтовый
|2 stltpush
|3 (RuTPU)RU\TPU\subj\72150
|9 85726
|
| 610 |
1 |
|
|a Север
|
| 610 |
1 |
|
|a Север СССР
|
| 610 |
1 |
|
|a мерзлота
|
| 610 |
1 |
|
|a льды
|
| 610 |
1 |
|
|a генезис
|
| 610 |
1 |
|
|a ископаемые льды
|
| 610 |
1 |
|
|a грунтовые льды
|
| 610 |
1 |
|
|a библиотека К. В. Радугина
|
| 610 |
1 |
|
|a владельческие знаки
|
| 675 |
|
|
|a 551.328
|v 3
|
| 700 |
|
1 |
|a Качурин
|b С. П.
|
| 712 |
0 |
2 |
|a Академия наук СССР (АН СССР)
|b Институт мерзлотоведения
|c (Москва)
|2 stltpush
|3 (RuTPU)RU\TPU\col\18476
|
| 801 |
|
1 |
|a RU
|b 63413507
|c 20130121
|
| 801 |
|
2 |
|a RU
|b 63413507
|c 20130311
|g RCR
|
| 942 |
|
|
|c BK
|